| 000 | 00604nam a2200145Ia 4500 | ||
|---|---|---|---|
| 008 | 170221s9999 xx 000 0 und d | ||
| 100 | _aVladimir Vladimirovich Glukhov | ||
| 245 | _aHousehold as a Participant of an Innovation Ecosystem | ||
| 245 | _cVladimir Vladimirovich Glukhov, Zhanna Ivanovna Lialina, Yuri Vladimirovich Rozhkov, Liudmila Konstantinovna Vasiukova, Alexander Borisovich Kosolapov | ||
| 260 | _bInternational Review of Management and Marketing | ||
| 260 | _c2016 | ||
| 300 | _a15 : 2 | ||
| 650 | _xMarketing. | ||
| 856 | _uhttp://www.econjournals.com/index.php/irmm/issue/view/83 | ||
| 999 |
_c312069 _d312069 |
||